[Event "Montcalm I 2009-10"]
[Site "Quebec CAN"]
[Date "2009.10.01"]
[Round "4"]
[White "Plante, Rejean"]
[Black "Rainfray, Arnaud"]
[Result "0-1"]
[WhiteElo "2095"]
[BlackElo "2383"]
[PlyCount "54"]
[GameId "2160767910093204"]
[EventDate "2009.08.10"]
[EventType "swiss"]
[EventRounds "5"]
[EventCountry "CAN"]
[SourceTitle "EXT 2011"]
[Source "ChessBase"]
[SourceDate "2011.11.26"]
[SourceVersion "1"]
[SourceVersionDate "2011.11.26"]
[SourceQuality "1"]

1. d4 d5 2. c4 e6 3. Nc3 c5 4. e3 Nf6 5. Nf3 a6 6. dxc5 Bxc5 7. a3 O-O 8. b4 Ba7 9. Bb2 Qe7 10. cxd5 Rd8 11. Bd3 exd5 12. Ne2 Nc6 13. h3 Ne4 14. Ned4 Nxb4 15. Be2 Nc6 16. Rc1 Nxd4 17. Nxd4 Qg5 18. Bf3 Re8 19. h4 Qh6 20. Rc2 Bd7 21. Bxe4 Rxe4 22. Rd2 Rxh4 23. Rxh4 Qxh4 24. Qb3 Qh1+ 25. Ke2 Qxg2 26. Kd1 Rc8 27. Nc2 Bg4+ 0-1

[Event "Montcalm I 2009-10"]
[Site "Quebec CAN"]
[Date "2009.10.08"]
[Round "5"]
[White "Auger, Bertrand"]
[Black "Caire, Francois"]
[Result "1/2-1/2"]
[WhiteElo "1906"]
[BlackElo "2210"]
[PlyCount "98"]
[GameId "2160767910093205"]
[EventDate "2009.08.10"]
[EventType "swiss"]
[EventRounds "5"]
[EventCountry "CAN"]
[SourceTitle "EXT 2011"]
[Source "ChessBase"]
[SourceDate "2011.11.26"]
[SourceVersion "1"]
[SourceVersionDate "2011.11.26"]
[SourceQuality "1"]

1. c4 e5 2. Nc3 Nf6 3. g3 d5 4. cxd5 Nxd5 5. Bg2 Nb6 6. Nf3 Nc6 7. O-O Be7 8. d3 O-O 9. Be3 Re8 10. Ne4 Bf8 11. Rc1 Nd4 12. Nc5 Nxf3+ 13. Bxf3 c6 14. Qb3 Rb8 15. Bg2 Bg4 16. f3 Bf5 17. Bf2 Qc8 18. g4 Bg6 19. Bg3 Nd7 20. d4 Nxc5 21. dxc5 Ra8 22. Rfd1 h6 23. e4 Kh7 24. Rd2 Qc7 25. Rcd1 Rad8 26. Qc2 Qa5 27. b4 Rxd2 28. Qxd2 Qc7 29. Qc3 Rd8 30. Rd3 Rxd3 31. Qxd3 b6 32. Qc3 bxc5 33. bxc5 f6 34. Bf2 Bf7 35. a4 Qb7 36. Bf1 Qb3 37. Qxb3 Bxb3 38. a5 Kg6 39. Be3 Kf7 40. Kf2 Ke6 41. h4 Kd7 42. h5 Ba4 43. Be2 Bb5 44. a6 Be7 45. Ke1 Bd8 46. Bd2 Bc7 47. Kd1 Ba4+ 48. Ke1 Bb5 49. Kd1 Ba4+ 1/2-1/2

[Event "Montcalm I 2009-10"]
[Site "Quebec CAN"]
[Date "2009.10.08"]
[Round "5"]
[White "Chiffot, Nicolas"]
[Black "Caron, Sebastien"]
[Result "1/2-1/2"]
[WhiteElo "1944"]
[BlackElo "1990"]
[PlyCount "119"]
[GameId "2160767910093206"]
[EventDate "2009.08.10"]
[EventType "swiss"]
[EventRounds "5"]
[EventCountry "CAN"]
[SourceTitle "EXT 2011"]
[Source "ChessBase"]
[SourceDate "2011.11.26"]
[SourceVersion "1"]
[SourceVersionDate "2011.11.26"]
[SourceQuality "1"]

1. d4 f5 2. h3 Nf6 3. g4 fxg4 4. hxg4 Nxg4 5. e4 d6 6. Rh4 Nf6 7. e5 dxe5 8. Nc3 exd4 9. Rxd4 Nbd7 10. Bg5 e5 11. Rd2 Be7 12. Bh3 c6 13. Qe2 Qc7 14. O-O-O Nb6 15. f4 Bxh3 16. Nxh3 O-O 17. fxe5 Nfd5 18. Nxd5 Nxd5 19. Qh5 Rf5 20. Qh4 Qxe5 21. Rxd5 Bxg5+ 22. Nxg5 Qe3+ 23. Kb1 Rxd5 24. Qxh7+ Kf8 25. Rf1+ Ke7 26. Qxg7+ Kd6 27. Nf7+ Kc5 28. a3 Kb6 29. Nh6 Qe5 30. Qg1+ Qd4 31. Qg3 Rb5 32. b3 Rd8 33. Nf5 Qe5 34. Qf2+ Qc5 35. Ne3 a5 36. a4 Rb4 37. Nc4+ Rxc4 38. bxc4 Rd4 39. Kb2 Rxc4 40. Qxc5+ Kxc5 41. Kb3 Rb4+ 42. Ka3 Kc4 43. Rf3 b6 44. Rf6 c5 45. Rf3 Kd5 46. Rd3+ Rd4 47. Rh3 c4 48. Rh5+ Kc6 49. Rh6+ Kc5 50. Rh5+ Rd5 51. Rh3 Rd2 52. Kb2 Kb4 53. Rh4 Rd5 54. Rh6 Kxa4 55. Rxb6 Rb5+ 56. Rxb5 Kxb5 57. Ka3 Kc5 58. c3 Kd5 59. Ka4 Ke4 60. Kxa5 1/2-1/2

[Event "Montcalm I 2009-10"]
[Site "Quebec CAN"]
[Date "2009.10.08"]
[Round "5"]
[White "Cournoyer, Dominic"]
[Black "Marquis, Paul"]
[Result "1-0"]
[WhiteElo "1903"]
[BlackElo "1900"]
[PlyCount "155"]
[GameId "2160767910093207"]
[EventDate "2009.08.10"]
[EventType "swiss"]
[EventRounds "5"]
[EventCountry "CAN"]
[SourceTitle "EXT 2011"]
[Source "ChessBase"]
[SourceDate "2011.11.26"]
[SourceVersion "1"]
[SourceVersionDate "2011.11.26"]
[SourceQuality "1"]

1. c4 g6 2. Nc3 Bg7 3. Nf3 d6 4. g3 e5 5. d4 exd4 6. Nxd4 c6 7. Bg2 Nf6 8. O-O O-O 9. Bf4 Nh5 10. Be3 Qe7 11. Qd2 Re8 12. Rfd1 Bf8 13. Ne4 f5 14. Bg5 Qf7 15. Nc3 Qxc4 16. Ndb5 Na6 17. Nxd6 Bxd6 18. Qxd6 Be6 19. Be7 Kf7 20. Rd4 Qxd4 21. Qxd4 Rxe7 22. Rd1 Nf6 23. Qh4 h5 24. Qa4 Nc5 25. Qf4 a5 26. e4 fxe4 27. Bxe4 Rg8 28. Bc2 Bg4 29. Qc4+ Ne6 30. Re1 Rge8 31. f3 b5 32. Qf1 Nd4 33. Rxe7+ Rxe7 34. Bxg6+ Kxg6 35. Qd3+ Nf5 36. fxg4 hxg4 37. Ne2 Re3 38. Nf4+ Kg5 39. Qd8 a4 40. Kf1 Re8 41. Qc7 Nd4 42. Qf7 Rg8 43. Ne6+ Nxe6 44. Qxe6 Re8 45. Qxc6 Re5 46. Qc7 Kf5 47. Qc2+ Kg5 48. Kg2 Rf5 49. h4+ gxh3+ 50. Kxh3 Re5 51. Qd2+ Kf5 52. Qf4+ Ke6 53. g4 Ne4 54. Kg2 Ng5 55. Qb4 Re2+ 56. Kf1 Re5 57. Qc3 Kf6 58. Qc6+ Ne6 59. Kf2 Kg5 60. Qd6 Kf4 61. a3 Ng5 62. Qf6+ Ke4 63. Kg3 Ne6 64. Qf3+ Kd4 65. Qc3+ Ke4 66. Qb4+ Nd4 67. Kh4 Kd5 68. g5 Re4+ 69. Kh5 Ke6 70. Qc5 Rf4 71. Qb6+ Kf5 72. g6 Ne6 73. Qb7 Kf6 74. Qf7+ Ke5 75. Qe7 Rf5+ 76. Kh4 Rf4+ 77. Kg3 Kf5 78. Qxe6+ 1-0

[Event "Montcalm I 2009-10"]
[Site "Quebec CAN"]
[Date "2009.10.08"]
[Round "5"]
[White "Plante, Rejean"]
[Black "Bergeron, Marc"]
[Result "1/2-1/2"]
[WhiteElo "2095"]
[BlackElo "1978"]
[PlyCount "79"]
[GameId "2160767910093208"]
[EventDate "2009.08.10"]
[EventType "swiss"]
[EventRounds "5"]
[EventCountry "CAN"]
[SourceTitle "EXT 2011"]
[Source "ChessBase"]
[SourceDate "2011.11.26"]
[SourceVersion "1"]
[SourceVersionDate "2011.11.26"]
[SourceQuality "1"]

1. d4 f5 2. Nf3 Nf6 3. c4 e6 4. g3 d5 5. Bg2 c6 6. O-O Bd6 7. b3 Qe7 8. Bb2 O-O 9. Ne5 b6 10. Qc2 Bb7 11. Nd2 Rc8 12. Rac1 Na6 13. cxd5 cxd5 14. Qb1 Bxe5 15. dxe5 Ne4 16. Nf3 Nac5 17. Rfd1 Ba6 18. Nd4 Nd7 19. f3 Nec5 20. b4 Na4 21. b5 Nxb2 22. Qxb2 Bb7 23. f4 Nc5 24. Qb4 a5 25. Qa3 Kf7 26. Qb2 Rc7 27. e3 Rac8 28. Rc2 Na4 29. Rxc7 Qxc7 30. Qe2 g6 31. Qd2 Qc3 32. Nxe6 Kxe6 33. Bxd5+ Bxd5 34. Qxd5+ Ke7 35. Qd6+ Ke8 36. Kg2 Nc5 37. Kh3 Qc2 38. Rd2 Qc4 39. Rd5 Qf1+ 40. Kh4 1/2-1/2

[Event "Montcalm I 2009-10"]
[Site "Quebec CAN"]
[Date "2009.10.08"]
[Round "5"]
[White "Rainfray, Arnaud"]
[Black "Sauve, Richard"]
[Result "1-0"]
[WhiteElo "2383"]
[BlackElo "2046"]
[PlyCount "59"]
[GameId "2160767910093209"]
[EventDate "2009.08.10"]
[EventType "swiss"]
[EventRounds "5"]
[EventCountry "CAN"]
[SourceTitle "EXT 2011"]
[Source "ChessBase"]
[SourceDate "2011.11.26"]
[SourceVersion "1"]
[SourceVersionDate "2011.11.26"]
[SourceQuality "1"]

1. d4 d5 2. c4 e6 3. Nc3 c6 4. e4 dxe4 5. Nxe4 Bb4+ 6. Bd2 Qxd4 7. Bxb4 Qxe4+ 8. Be2 c5 9. Bc3 Nf6 10. Qd6 Nbd7 11. O-O-O a5 12. Bf3 Qxc4 13. Ne2 a4 14. Kb1 Ne4 15. Bxe4 Qxe4+ 16. Ka1 Ra6 17. Qd2 O-O 18. Ng3 Qg6 19. h4 Qg4 20. h5 h6 21. Qe3 b5 22. a3 Qc4 23. Rc1 Qb3 24. Ne4 Qd5 25. Rcd1 Qc6 26. Rd6 Qc7 27. Rhd1 Rxd6 28. Nxd6 Ba6 29. g4 Rb8 30. g5 1-0

[Event "Montcalm II 2009-10"]
[Site "Quebec CAN"]
[Date "2009.10.15"]
[Round "1"]
[White "Bergeron, Marc"]
[Black "Rainfray, Arnaud"]
[Result "0-1"]
[WhiteElo "1954"]
[BlackElo "2399"]
[PlyCount "48"]
[GameId "2160767910096346"]
[EventDate "2009.10.15"]
[EventType "swiss"]
[EventRounds "5"]
[EventCountry "CAN"]
[SourceTitle "EXT 2011"]
[Source "ChessBase"]
[SourceDate "2011.11.26"]
[SourceVersion "1"]
[SourceVersionDate "2011.11.26"]
[SourceQuality "1"]

1. e4 c5 2. Nf3 Nc6 3. d4 cxd4 4. Nxd4 Nf6 5. Nc3 e5 6. Ndb5 d6 7. Bg5 a6 8. Na3 b5 9. Nd5 Be7 10. Bxf6 Bxf6 11. c3 Bb7 12. Nc2 Nb8 13. a4 bxa4 14. Rxa4 O-O 15. Bc4 Nd7 16. Rb4 Bc6 17. Qe2 Nc5 18. Nxf6+ Qxf6 19. Bd5 Bxd5 20. exd5 a5 21. Rg4 Rfb8 22. b4 Na4 23. O-O Nxc3 24. Qd3 e4 0-1

[Event "Montcalm II 2009-10"]
[Site "Quebec CAN"]
[Date "2009.10.15"]
[Round "1"]
[White "Caron, Sebastien"]
[Black "Champetier, Serge"]
[Result "1/2-1/2"]
[WhiteElo "1989"]
[BlackElo "1951"]
[PlyCount "69"]
[GameId "2160767910096347"]
[EventDate "2009.10.15"]
[EventType "swiss"]
[EventRounds "5"]
[EventCountry "CAN"]
[SourceTitle "EXT 2011"]
[Source "ChessBase"]
[SourceDate "2011.11.26"]
[SourceVersion "1"]
[SourceVersionDate "2011.11.26"]
[SourceQuality "1"]

1. d4 d5 2. Nf3 Nc6 3. g3 Nf6 4. Bg2 Bg4 5. h3 Bh5 6. Nbd2 e6 7. c4 Be7 8. O-O O-O 9. cxd5 exd5 10. Qb3 Rb8 11. e3 h6 12. Ne5 Nxe5 13. dxe5 Nd7 14. Qxd5 c6 15. Qd4 Qc7 16. f4 Be2 17. Re1 Ba6 18. Ne4 Rbd8 19. Qc3 Nb6 20. Nf2 Nd5 21. Bxd5 Rxd5 22. Rd1 Rfd8 23. Rxd5 Rxd5 24. e4 Rc5 25. Qd2 Rc4 26. a3 Bc5 27. Kg2 Qb6 28. b4 Bd4 29. Rb1 Bc3 30. Qe3 Bd4 31. Qd2 Bc3 32. Qd7 Be1 33. Qc8+ Kh7 34. Qf5+ Kg8 35. Qc8+ 1/2-1/2

[Event "Montcalm II 2009-10"]
[Site "Quebec CAN"]
[Date "2009.10.15"]
[Round "1"]
[White "Sauve, Richard"]
[Black "Chiffot, Nicolas"]
[Result "1-0"]
[WhiteElo "2030"]
[BlackElo "1953"]
[PlyCount "57"]
[GameId "2160767910096348"]
[EventDate "2009.10.15"]
[EventType "swiss"]
[EventRounds "5"]
[EventCountry "CAN"]
[SourceTitle "EXT 2011"]
[Source "ChessBase"]
[SourceDate "2011.11.26"]
[SourceVersion "1"]
[SourceVersionDate "2011.11.26"]
[SourceQuality "1"]

1. d4 d5 2. c4 e5 3. dxe5 d4 4. Nf3 Nc6 5. g3 Nge7 6. Bg2 Ng6 7. Bg5 Qd7 8. O-O Ngxe5 9. Nxe5 Nxe5 10. b3 h6 11. Bc1 Bc5 12. Bb2 Qd6 13. Nd2 f5 14. Nf3 Nc6 15. a3 a5 16. Qd2 O-O 17. Rfd1 f4 18. Nxd4 fxg3 19. hxg3 Bg4 20. Bd5+ Kh8 21. b4 axb4 22. axb4 Rxa1 23. Bxa1 Bxb4 24. Qb2 Bc5 25. Nf5 Qg6 26. Qxg7+ Qxg7 27. Bxg7+ Kh7 28. Bxf8 Bxf8 29. Bxc6 1-0

[Event "Montcalm II 2009-10"]
[Site "Quebec CAN"]
[Date "2009.10.22"]
[Round "2"]
[White "Sauve, Richard"]
[Black "Rainfray, Arnaud"]
[Result "0-1"]
[WhiteElo "2030"]
[BlackElo "2399"]
[PlyCount "72"]
[GameId "2160767910096351"]
[EventDate "2009.10.15"]
[EventType "swiss"]
[EventRounds "5"]
[EventCountry "CAN"]
[SourceTitle "EXT 2011"]
[Source "ChessBase"]
[SourceDate "2011.11.26"]
[SourceVersion "1"]
[SourceVersionDate "2011.11.26"]
[SourceQuality "1"]

1. d4 d5 2. c4 c6 3. e3 Nf6 4. Nc3 e6 5. Nf3 Nbd7 6. Qc2 Bd6 7. e4 dxe4 8. Nxe4 Nxe4 9. Qxe4 e5 10. dxe5 O-O 11. Bd3 f5 12. Qe2 Nxe5 13. Nxe5 Bxe5 14. O-O Qc7 15. f4 Bd4+ 16. Kh1 Bd7 17. Qc2 c5 18. Bd2 Rae8 19. Rae1 g6 20. Re2 Bc6 21. Rfe1 Rxe2 22. Rxe2 Rd8 23. b3 Qd6 24. h3 Bg7 25. Re3 Bh6 26. Rg3 Bxf4 27. Bxf4 Qxf4 28. Kh2 Re8 29. Be2 Re3 30. Bf3 Bxf3 31. Qd2 Qe5 32. Qd8+ Kg7 33. Qd7+ Kh6 34. Qd2 Kh5 35. Qd8 h6 36. Qg8 Qxg3+ 0-1

[Event "Montcalm II 2009-10"]
[Site "Quebec CAN"]
[Date "2009.10.29"]
[Round "3"]
[White "Bergeron, Marc"]
[Black "Chiffot, Nicolas"]
[Result "0-1"]
[WhiteElo "1954"]
[BlackElo "1953"]
[PlyCount "80"]
[GameId "2160767910096352"]
[EventDate "2009.10.15"]
[EventType "swiss"]
[EventRounds "5"]
[EventCountry "CAN"]
[SourceTitle "EXT 2011"]
[Source "ChessBase"]
[SourceDate "2011.11.26"]
[SourceVersion "1"]
[SourceVersionDate "2011.11.26"]
[SourceQuality "1"]

1. e4 c5 2. Nf3 e6 3. d3 Nc6 4. Nbd2 d5 5. g3 Nf6 6. Bg2 Be7 7. O-O Qc7 8. Re1 dxe4 9. dxe4 e5 10. c3 O-O 11. h3 Re8 12. Qe2 h6 13. Nh2 Be6 14. Nhf1 Rad8 15. Ne3 Qd7 16. g4 Bf8 17. Qf3 Ne7 18. Nf5 Nh7 19. Nf1 Ng6 20. N1g3 Qd3 21. Qxd3 Rxd3 22. Bf1 Rdd8 23. Nh5 Ng5 24. Nxh6+ gxh6 25. Bxg5 hxg5 26. Nf6+ Kg7 27. Nxe8+ Rxe8 28. Bb5 Ra8 29. Red1 Nf4 30. Kh2 Be7 31. Bd7 Bc4 32. Bf5 Rh8 33. Rd7 Rxh3+ 34. Kg1 Be2 35. f3 Rg3+ 36. Kf2 Rg2+ 37. Ke3 Bd3 38. Re1 c4 39. Rxe7 Rxb2 40. Rxe5 Ng2+ 0-1

[Event "Montcalm II 2009-10"]
[Site "Quebec CAN"]
[Date "2009.10.29"]
[Round "3"]
[White "Caron, Sebastien"]
[Black "Sauve, Richard"]
[Result "0-1"]
[WhiteElo "1989"]
[BlackElo "2030"]
[PlyCount "82"]
[GameId "2160767910096353"]
[EventDate "2009.10.15"]
[EventType "swiss"]
[EventRounds "5"]
[EventCountry "CAN"]
[SourceTitle "EXT 2011"]
[Source "ChessBase"]
[SourceDate "2011.11.26"]
[SourceVersion "1"]
[SourceVersionDate "2011.11.26"]
[SourceQuality "1"]

1. e4 e6 2. d4 d5 3. e5 c5 4. c3 Nc6 5. Nf3 Qb6 6. a3 Nh6 7. Bd3 Bd7 8. Bc2 Rc8 9. O-O cxd4 10. cxd4 Nf5 11. Bxf5 exf5 12. Nc3 Be6 13. Qa4 Be7 14. Bd2 O-O 15. b4 Nxd4 16. Ne1 Rxc3 17. Bxc3 Ne2+ 18. Kh1 Nxc3 19. Qc2 Rc8 20. Nd3 Qd4 21. f4 Ne4 22. Qe2 Rc3 23. Rad1 Rxa3 24. Nc5 Qxb4 25. Nxe4 dxe4 26. Rb1 Rb3 27. Rbc1 g6 28. Rfd1 Kg7 29. Rc7 Rb1 30. Rcc1 Rxc1 31. Rxc1 Bc5 32. h3 a5 33. Qd1 Qd4 34. Qe1 Qe3 35. Qd1 Qd4 36. Qe1 b6 37. Qh4 a4 38. Qf6+ Kg8 39. h4 h5 40. Qg5 e3 41. g4 Bd5+ 0-1

[Event "Montcalm II 2009-10"]
[Site "Quebec CAN"]
[Date "2009.11.05"]
[Round "4"]
[White "Champetier, Serge"]
[Black "Sauve, Richard"]
[Result "1-0"]
[WhiteElo "1951"]
[BlackElo "2030"]
[PlyCount "99"]
[GameId "2160767910096356"]
[EventDate "2009.10.15"]
[EventType "swiss"]
[EventRounds "5"]
[EventCountry "CAN"]
[SourceTitle "EXT 2011"]
[Source "ChessBase"]
[SourceDate "2011.11.26"]
[SourceVersion "1"]
[SourceVersionDate "2011.11.26"]
[SourceQuality "1"]

1. e4 e6 2. b3 d5 3. Bb2 Nf6 4. e5 Ng8 5. f4 c5 6. Nf3 Nc6 7. Be2 Nh6 8. O-O Be7 9. a4 Nf5 10. g4 Nh4 11. Nxh4 Bxh4 12. Ba3 Be7 13. Nc3 Bd7 14. Nb5 O-O 15. d4 Nxd4 16. Nxd4 cxd4 17. Bxe7 Qxe7 18. Qxd4 Rfc8 19. Bd3 Qc5 20. Qxc5 Rxc5 21. Rf3 Bc6 22. b4 d4 23. Rh3 Rc3 24. Bxh7+ Kf8 25. Rxc3 dxc3 26. Bd3 Rd8 27. b5 Bf3 28. h3 Rd4 29. Kf2 Bd5 30. Ke3 Rb4 31. Ra3 Bg2 32. h4 g6 33. a5 Bh3 34. Rxc3 Bxg4 35. Rc8+ Kg7 36. Rc7 Ra4 37. a6 bxa6 38. bxa6 Bf5 39. Rxa7 Bxd3 40. cxd3 Kh6 41. Kf3 Ra3 42. Rxf7 Rxa6 43. Rd7 Ra3 44. Ke4 Kh5 45. Rh7+ Kg4 46. Rh6 Ra4+ 47. d4 Ra6 48. Rxg6+ Kxh4 49. f5 exf5+ 50. Kxf5 1-0

[Event "Montcalm II 2009-10"]
[Site "Quebec CAN"]
[Date "2009.11.05"]
[Round "4"]
[White "Cournoyer, Dominic"]
[Black "Moisan, Francois"]
[Result "1-0"]
[WhiteElo "1938"]
[BlackElo "1763"]
[PlyCount "97"]
[GameId "2160767910096357"]
[EventDate "2009.10.15"]
[EventType "swiss"]
[EventRounds "5"]
[EventCountry "CAN"]
[SourceTitle "EXT 2011"]
[Source "ChessBase"]
[SourceDate "2011.11.26"]
[SourceVersion "1"]
[SourceVersionDate "2011.11.26"]
[SourceQuality "1"]

1. c4 g6 2. Nc3 Bg7 3. Nf3 d6 4. g3 f5 5. Bg2 Nf6 6. O-O O-O 7. b4 Qe8 8. Bb2 e5 9. Qb3 h6 10. Nb5 Na6 11. a3 Qe7 12. Rad1 c6 13. Nc3 Nc7 14. c5+ d5 15. Qc2 d4 16. Na4 Nb5 17. d3 Nd5 18. Qd2 a5 19. bxa5 Nbc3 20. Nxc3 Nxc3 21. Bxc3 dxc3 22. Qxc3 e4 23. Nd4 Bxd4 24. Qxd4 Rxa5 25. dxe4 Qxc5 26. Qxc5 Rxc5 27. exf5 Bxf5 28. e4 Bg4 29. Rb1 b5 30. Rfc1 Rxc1+ 31. Rxc1 Rc8 32. Rc5 Bd7 33. f4 Ra8 34. Rc3 Kf7 35. Kf2 Rc8 36. Ke3 c5 37. h4 Ke7 38. e5 Bf5 39. Be4 h5 40. Bd3 c4 41. Bxf5 gxf5 42. Kd4 Ke6 43. a4 bxa4 44. Rxc4 Ra8 45. Rc2 Rb8 46. Rc3 Ra8 47. Ra3 Ra7 48. Kc4 Rc7+ 49. Kb4 1-0

[Event "Montcalm II 2009-10"]
[Site "Quebec CAN"]
[Date "2009.11.12"]
[Round "5"]
[White "Bergernon, Marc"]
[Black "Sauve, Richard"]
[Result "0-1"]
[WhiteElo "1954"]
[BlackElo "2030"]
[PlyCount "56"]
[GameId "2160767910096358"]
[EventDate "2009.10.15"]
[EventType "swiss"]
[EventRounds "5"]
[EventCountry "CAN"]

1. e4 e6 2. d4 d5 3. Nc3 Nf6 4. e5 Nfd7 5. Nce2 c5 6. c3 Nc6 7. f4 Qb6 8. Nf3 f6 9. a3 Be7 10. Rb1 O-O 11. b4 cxd4 12. Nexd4 Ndxe5 13. fxe5 fxe5 14. Nxc6 bxc6 15. Rb2 e4 16. Nd4 e5 17. Nb3 Be6 18. Qe2 Rad8 19. Be3 d4 20. cxd4 exd4 21. Bxd4 Rxd4 22. Nxd4 Qxd4 23. Qd2 Qe5 24. Qc2 e3 25. Bc4 Bxc4 26. Qxc4+ Kh8 27. Qb3 Bh4+ 28. Kd1 Rd8+ 0-1

[Event "Montcalm II 2009-10"]
[Site "Quebec CAN"]
[Date "2009.11.12"]
[Round "5"]
[White "Chiffot, Nicolas"]
[Black "Champetier, Serge"]
[Result "1-0"]
[WhiteElo "1953"]
[BlackElo "1951"]
[PlyCount "59"]
[GameId "2160767910096359"]
[EventDate "2009.10.15"]
[EventType "swiss"]
[EventRounds "5"]
[EventCountry "CAN"]
[SourceTitle "EXT 2011"]
[Source "ChessBase"]
[SourceDate "2011.11.26"]
[SourceVersion "1"]
[SourceVersionDate "2011.11.26"]
[SourceQuality "1"]

1. d4 d5 2. c4 Nc6 3. Nc3 Nf6 4. Nf3 e6 5. Bf4 dxc4 6. e3 Nd5 7. Bg5 Nxc3 8. bxc3 Qd5 9. Qa4 b5 10. Qc2 f5 11. Nd2 Bb7 12. Rb1 Nd8 13. f3 Bc6 14. Bh4 Nf7 15. Be2 f4 16. exf4 Qh5 17. Bf2 Bd6 18. g3 Qh3 19. Bf1 Qh5 20. Bg2 O-O 21. O-O g5 22. fxg5 Nxg5 23. f4 Nh3+ 24. Kh1 Bxg2+ 25. Kxg2 Rxf4 26. gxf4 Nxf4+ 27. Kh1 Nd3 28. Bg1 Kh8 29. Qd1 Qg6 30. Qf3 1-0

[Event "Montcalm II 2009-10"]
[Site "Quebec CAN"]
[Date "2009.11.12"]
[Round "5"]
[White "Marquis, Paul"]
[Black "Cournoyer, Dominic"]
[Result "0-1"]
[WhiteElo "1874"]
[BlackElo "1938"]
[PlyCount "110"]
[GameId "2160767910096360"]
[EventDate "2009.10.15"]
[EventType "swiss"]
[EventRounds "5"]
[EventCountry "CAN"]
[SourceTitle "EXT 2011"]
[Source "ChessBase"]
[SourceDate "2011.11.26"]
[SourceVersion "1"]
[SourceVersionDate "2011.11.26"]
[SourceQuality "1"]

1. e4 d5 2. exd5 Nf6 3. d4 Nxd5 4. c4 Nf6 5. Nf3 c5 6. d5 e6 7. Nc3 exd5 8. cxd5 Be7 9. Bc4 O-O 10. O-O a6 11. a4 Bd6 12. Bg5 h6 13. Bh4 Bf5 14. Re1 Nbd7 15. Bd3 Bxd3 16. Qxd3 Qc7 17. Bg3 Bxg3 18. hxg3 Rfe8 19. Rad1 c4 20. Qd4 Rac8 21. Nd2 Kf8 22. Rxe8+ Nxe8 23. Nce4 Nef6 24. d6 Qc6 25. Nxf6 Nxf6 26. Nf3 Rd8 27. Ne5 Qxa4 28. d7 Qb4 29. Qxc4 Qxc4 30. Nxc4 Rxd7 31. Rxd7 Nxd7 32. Kf1 Ke7 33. Ke2 Ke6 34. Ke3 b5 35. Nd2 Kd5 36. Kd3 a5 37. Kc3 Ne5 38. f4 Nc4 39. Nf1 h5 40. b3 Nd6 41. Kd3 a4 42. bxa4 bxa4 43. Kc3 Kc5 44. Nd2 f6 45. Nf1 Nb5+ 46. Kb2 Kb4 47. Ne3 a3+ 48. Ka2 Nc3+ 49. Ka1 Ne2 50. Nf5 Kb3 51. g4 hxg4 52. g3 g6 53. Ne3 Nd4 54. Kb1 a2+ 55. Ka1 f5 0-1

[Event "Montcalm II 2009-10"]
[Site "Quebec CAN"]
[Date "2009.11.12"]
[Round "5"]
[White "Rainfray, Arnaud"]
[Black "Caron, Sebastien"]
[Result "1-0"]
[WhiteElo "2399"]
[BlackElo "1989"]
[PlyCount "83"]
[GameId "2160767910096361"]
[EventDate "2009.10.15"]
[EventType "swiss"]
[EventRounds "5"]
[EventCountry "CAN"]
[SourceTitle "EXT 2011"]
[Source "ChessBase"]
[SourceDate "2011.11.26"]
[SourceVersion "1"]
[SourceVersionDate "2011.11.26"]
[SourceQuality "1"]

1. e4 e6 2. d4 d5 3. Nc3 dxe4 4. Nxe4 Nf6 5. Bg5 Be7 6. Bxf6 Bxf6 7. Nf3 Nc6 8. Bb5 Bd7 9. Qd2 Qe7 10. O-O-O O-O-O 11. Rhe1 Qb4 12. Qe2 a6 13. Bc4 Na5 14. Bd3 Bb5 15. a3 Bxd3 16. Rxd3 Qb6 17. Red1 Rd5 18. b4 Nc4 19. Rb3 Nd6 20. Nc5 Nf5 21. Qe4 Nd6 22. Qf4 Rf5 23. Qe3 Rd5 24. Ne5 Bxe5 25. dxe5 Rxd1+ 26. Kxd1 Nf5 27. Qe4 Rd8+ 28. Rd3 Rxd3+ 29. Qxd3 Qc6 30. g4 Nh4 31. Qxh7 Qh1+ 32. Kd2 Nf3+ 33. Ke3 Kb8 34. Qe4 c6 35. Qxf3 Qc1+ 36. Ke2 Qxc2+ 37. Kf1 a5 38. Qd3 Qc1+ 39. Kg2 axb4 40. Qd8+ Ka7 41. Qa5+ Kb8 42. Qb6 1-0

[Event "Montcalm III 2009-10"]
[Site "Quebec CAN"]
[Date "2009.12.03"]
[Round "3"]
[White "Caire, Francois"]
[Black "Caron, Sebastien"]
[Result "1-0"]
[WhiteElo "2150"]
[BlackElo "1898"]
[PlyCount "77"]
[GameId "2160767910030216"]
[EventDate "2009.11.19"]
[EventType "swiss"]
[EventRounds "5"]
[EventCountry "CAN"]
[SourceTitle "EXT 2011"]
[Source "ChessBase"]
[SourceDate "2011.11.26"]
[SourceVersion "1"]
[SourceVersionDate "2011.11.26"]
[SourceQuality "1"]

1. d4 f5 2. g3 Nf6 3. Bg2 g6 4. c4 Bg7 5. Nc3 O-O 6. Nh3 d6 7. d5 Na6 8. Rb1 Nc5 9. b4 Nce4 10. Bb2 Nxc3 11. Bxc3 Nh5 12. Bxg7 Nxg7 13. Nf4 g5 14. Nd3 f4 15. gxf4 gxf4 16. Rg1 Rf6 17. Rb3 Qf8 18. Be4 Bd7 19. Qa1 Re8 20. Qd4 a6 21. Nxf4 Rxf4 22. Rbg3 Rf6 23. Rxg7+ Qxg7 24. Rxg7+ Kxg7 25. Qa7 Rh6 26. Qxb7 Kf6 27. Qxc7 Bg4 28. Qb6 Rg8 29. Qe3 Rh5 30. Qf4+ Bf5 31. Bf3 Rg1+ 32. Kd2 Rhg5 33. e4 Ra1 34. exf5 Rxa2+ 35. Ke3 Ra3+ 36. Kd4 Ra2 37. h4 Rg7 38. Qh6+ Kf7 39. Qe6+ 1-0

[Event "Montcalm III 2009-10"]
[Site "Quebec CAN"]
[Date "2009.12.17"]
[Round "5"]
[White "Chiffot, Nicolas"]
[Black "Caire, Francois"]
[Result "0-1"]
[WhiteElo "2019"]
[BlackElo "2221"]
[PlyCount "51"]
[GameId "2160767910030223"]
[EventDate "2009.11.19"]
[EventType "swiss"]
[EventRounds "5"]
[EventCountry "CAN"]

1. d4 d5 2. Nf3 e6 3. c4 Nf6 4. g3 dxc4 5. Bg2 c5 6. Qa4+ Bd7 7. Qxc4 Bc6 8. O-O Bd5 9. Qd3 Nbd7 10. Nc3 Bc6 11. Rd1 Be7 12. e4 cxd4 13. Nxd4 Ne5 14. Qe2 Bd7 15. Bf4 Nc6 16. e5 Nd5 17. Nxd5 exd5 18. Bxd5 Nxd4 19. Rxd4 Qb6 20. Bxf7+ Kxf7 21. Rxd7 Rhd8 22. Rad1 Rxd7 23. Rxd7 Ke8 24. e6 Kf8 25. Bd6 Bxd6 26. Qf3+ 0-1

[Event "Montcalm IV 2008-09"]
[Site "Quebec CAN"]
[Date "2009.01.15"]
[Round "1"]
[White "Caire, Francois"]
[Black "Perron, Jonathan"]
[Result "1-0"]
[WhiteElo "2219"]
[BlackElo "1894"]
[PlyCount "51"]
[GameId "2160767910273312"]
[EventDate "2009.01.15"]
[EventType "swiss"]
[EventRounds "5"]
[EventCountry "CAN"]
[SourceTitle "EXT 2011"]
[Source "ChessBase"]
[SourceDate "2011.11.26"]
[SourceVersion "1"]
[SourceVersionDate "2011.11.26"]
[SourceQuality "1"]

1. e4 c5 2. Nc3 a6 3. Nf3 b5 4. d4 cxd4 5. Nxd4 Bb7 6. Bd3 d6 7. a4 bxa4 8. Rxa4 Nd7 9. Nb3 g6 10. O-O Bg7 11. Bd2 Ngf6 12. Qe2 O-O 13. Bxa6 Bxa6 14. Rxa6 Rxa6 15. Qxa6 Qc7 16. f3 Ne5 17. Ra1 Rb8 18. Qa7 Rb7 19. Qa8+ Rb8 20. Qa7 Rb7 21. Qa5 Qc8 22. Nd5 Nxd5 23. Qxd5 Nc4 24. Qxc4 Qxc4 25. Ra8+ Bf8 26. Bh6 1-0